MARC

LEADER 00000nam0a2200000 4500
001 276850
005 20240502133151.0
035 |a (RuTPU)RU\TPU\book\300123 
090 |a 276850 
100 |a 20141126d1948 k y0rusy50 ca 
101 1 |a rus  |c eng 
102 |a RU 
105 |a y z 001zy 
200 1 |a Новейшие работы в области высоких давлений  |e пер. с англ.  |f П. В. Бриджмен 
210 |a Москва  |c Изд-во иностранной литературы  |d 1948 
215 |a 300 с. 
320 |a Библиогр. в конце гл. 
606 1 |a Давления высокие  |x (физика)  |2 stltpush  |3 (RuTPU)RU\TPU\subj\4802  |9 33017 
610 1 |a механические эффекты 
610 1 |a фазовые переходы 
610 1 |a испарение 
610 1 |a плавление 
610 1 |a термический эффект 
610 1 |a электрические эффекты 
610 1 |a полимеризация 
675 |a 539.8  |v 4 
700 1 |a Бриджмен (Бриджмэн)  |b П. У. (В.)  |c американский физик  |c Нобелевский лауреат  |c философ  |f 1882-1961  |g Перси Уильямс (Вильямс)  |9 8613 
801 1 |a RU  |b 63413507  |c 20141126 
801 2 |a RU  |b 63413507  |c 20171219  |g RCR 
942 |c BK